Türkiye'de "milli iktisat" 1908-1918 / (Record no. 71320)
[ view plain ]
| 000 -LEADER | |
|---|---|
| fixed length control field | 01085 a2200361 4500 |
| 001 - CONTROL NUMBER | |
| control field | 71320 |
| 003 - CONTROL NUMBER IDENTIFIER | |
| control field | TR-AnTOB |
| 005 - DATE AND TIME OF LATEST TRANSACTION | |
| control field | 20230705001207.0 |
| 007 - PHYSICAL DESCRIPTION FIXED FIELD--GENERAL INFORMATION | |
| fixed length control field | ta |
| 008 - FIXED-LENGTH DATA ELEMENTS--GENERAL INFORMATION | |
| fixed length control field | 080724s1982 tu 00100 tur |
| 040 ## - CATALOGING SOURCE | |
| Original cataloging agency | TR-AnTOB |
| Language of cataloging | eng |
| Transcribing agency | TR-AnTOB |
| Description conventions | rda |
| 041 0# - LANGUAGE CODE | |
| Language code of text/sound track or separate title | Türkçe |
| 050 ## - LIBRARY OF CONGRESS CALL NUMBER | |
| Classification number | HC492 |
| Item number | .T67 1982 |
| 090 ## - LOCALLY ASSIGNED LC-TYPE CALL NUMBER (OCLC); LOCAL CALL NUMBER (RLIN) | |
| Classification number (OCLC) (R) ; Classification number, CALL (RLIN) (NR) | HC492 |
| Local cutter number (OCLC) ; Book number/undivided call number, CALL (RLIN) | .T67 1982 |
| 100 1# - MAIN ENTRY--PERSONAL NAME | |
| Personal name | Toprak, Zafer |
| Relator code | author |
| 9 (RLIN) | 45623 |
| 245 10 - TITLE STATEMENT | |
| Title | Türkiye'de "milli iktisat" 1908-1918 / |
| Statement of responsibility, etc. | Zafer Toprak. |
| 264 ## - PRODUCTION, PUBLICATION, DISTRIBUTION, MANUFACTURE, AND COPYRIGHT NOTICE | |
| Place of production, publication, distribution, manufacture | Ankara: |
| Name of producer, publisher, distributor, manufacturer | Yurt Yayınları, |
| Date of production, publication, distribution, manufacture, or copyright notice | 1982. |
| 300 ## - PHYSICAL DESCRIPTION | |
| Extent | 464 s.: |
| Other physical details | tabl.; |
| Dimensions | 24 cm. |
| 336 ## - CONTENT TYPE | |
| Source | rdacontent |
| Content type term | text |
| 337 ## - MEDIA TYPE | |
| Source | rdamedia |
| Media type term | unmediated |
| 338 ## - CARRIER TYPE | |
| Source | rdacarrier |
| Carrier type term | volume |
| 490 0# - SERIES STATEMENT | |
| Series statement | Yurt yayınları |
| -- | Türkiye araştırmaları dizisi; |
| Volume/sequential designation | 2. |
| 500 ## - GENERAL NOTE | |
| General note | Biliyografik referanslar içerir. |
| General note | Dizin var. |
| 504 ## - BIBLIOGRAPHY, ETC. NOTE | |
| Bibliography, etc. note | |
| 590 ## - LOCAL NOTE (RLIN) | |
| Local note | Sn. Celil Güngör tarafından |
| Condition of individual reels (VM) [OBSOLETE] | bağışlanmıştır. |
| 651 #0 - SUBJECT ADDED ENTRY--GEOGRAPHIC NAME | |
| Geographic name | Turkey |
| General subdivision | Economic conditions |
| 9 (RLIN) | 80629 |
| Geographic name | Türkiye |
| General subdivision | Ekonomik durum |
| 9 (RLIN) | 80633 |
| 902 ## - LOCAL DATA ELEMENT B, LDB (RLIN) | |
| a | 0024541 |
| 903 ## - LOCAL DATA ELEMENT C, LDC (RLIN) | |
| a | Merkez Kütüphane |
| 942 ## - ADDED ENTRY ELEMENTS (KOHA) | |
| Koha item type | Book |
| Source of classification or shelving scheme | Library of Congress Classification |
| Withdrawn status | Lost status | Source of classification or shelving scheme | Materials specified (bound volume or other part) | Damaged status | Not for loan | Collection code | Home library | Current library | Shelving location | Date acquired | Source of acquisition | Cost, normal purchase price | Serial Enumeration / chronology | Inventory number | Total Checkouts | Total Holds | Full call number | Barcode | Date last seen | Date last checked out | Copy number | Date shelved | Koha item type |
|---|---|---|---|---|---|---|---|---|---|---|---|---|---|---|---|---|---|---|---|---|---|---|---|
| Library of Congress Classification | C.1 | Yeni / New | Ödünç Verilebilir / Available | Genel Koleksiyon | Merkez Kütüphane | Merkez Kütüphane | Genel Koleksiyon / Main Collection | 24/12/2008 | TOBB Bağış / TOBB Donation | 0.01 | 1 | İKT | 1 | HC492 .T67 1982 | 0024541 | 03/04/2018 | 13/03/2018 | 1 | 21/04/2010 | Book | |||
| Library of Congress Classification | Ödünç Verilebilir / Available | Genel Koleksiyon | Merkez Kütüphane | Merkez Kütüphane | Genel Koleksiyon / Main Collection | 14/05/2018 | Bağış / Donation | İKT | HC492 .T67 1982 c.2 | 0056535 | 14/05/2018 | 2 | 14/05/2018 | Book |
